Privately owned : a selection of works of art from collections in the Washington area, February tenth-March thirtieth, 1952 a selection of works of art from collections in the Washington area, February tenth-March thirtieth, 1952
Descripción Física:
64 pàg. : il. b/n ; 28 cm
Materias:
Corcoran Gallery of Art (Washington, Estats Units d'Amèrica) -- Catàlegs
; Fons Joan Junyer i Pascual (1909-1994)
Idioma:
English
MARC
| LEADER | 00000nam a22000007a 4500 | ||
|---|---|---|---|
| 001 | 24802 | ||
| 003 | AGDB | ||
| 005 | 20260324181535.0 | ||
| 008 | 251014b -us||||| |||| 00| 0 eng d | ||
| 041 | |a eng | ||
| 245 | |a Privately owned : |b a selection of works of art from collections in the Washington area, February tenth-March thirtieth, 1952 | ||
| 260 | |a Washington, D. C. : |b The Corcoran Gallery of Art , |c cop. 1952 | ||
| 300 | |a 64 pàg. : |b il. b/n ; |c 28 cm | ||
| 500 | |a Prové del fons Joan Junyer i Pascual (1909-1994) | ||
| 504 | |a Índex | ||
| 610 | 0 | |a Corcoran Gallery of Art (Washington, Estats Units d'Amèrica) |v Catàlegs |2 lemac |9 72475 | |
| 650 | |a Fons Joan Junyer i Pascual (1909-1994) |9 72777 | ||
| 710 | |a Corcoran Gallery of Art (Washington, Estats Units d'Amèrica) |9 72475 | ||
| 942 | |2 udc |c ARXIU |n 1 | ||
| 952 | |0 0 |1 0 |4 0 |6 F50460 |7 1 |9 98455 |a Arxiu |b Arxiu |d 2025-10-14 |l 0 |o F-504-60 |p 24802 |r 2025-10-14 12:34:57 |w 2025-10-14 |y ARXIU | ||
| 999 | |c 130209 |d 130209 | ||